20-point economic programme: an annotated bibliography (Record no. 10239)

MARC details
000 -LEADER
fixed length control field 00381nam a2200133Ia 4500
082 ## - DEWEY DECIMAL CLASSIFICATION NUMBER
Classification number RR 016.33 SAH-T
100 ## - MAIN ENTRY--AUTHOR NAME
Personal name Sahai, S.N
245 #0 - TITLE STATEMENT
Title 20-point economic programme: an annotated bibliography
260 ## - PUBLICATION, DISTRIBUTION, ETC. (IMPRINT)
Place of publication New Delhi
Name of publisher Allied Publishers
Year of publication 1983
300 ## - PHYSICAL DESCRIPTION
Number of Pages 480
504 ## - BIBLIOGRAPHY, ETC. NOTE
Bibliography, etc Includes bibliography. Reference book
650 ## - SUBJECT ADDED ENTRY--TOPICAL TERM
Topical Term Economics
Form subdivision Bibliography
Geographic subdivision India
942 ## - ADDED ENTRY ELEMENTS (KOHA)
Koha item type Books
Source of classification or shelving scheme Dewey Decimal Classification
Holdings
Withdrawn status Lost status Damaged status Not for loan Home library Current library Date acquired Bill Date Full call number Accession Number Price effective from Koha item type
        NASSDOC Library NASSDOC Library 08/06/2004 2004-10-22 RR 016.33 SAH-T 16302 18/04/2019 Books